| 000 | 00468nam a2200193Ia 4500 | ||
|---|---|---|---|
| 005 | 20240823054304.0 | ||
| 008 | 240823s9999||||xx |||||||||||||| ||und|| | ||
| 020 | _a978-93-82532-82-8 | ||
| 041 | _aENGLISH | ||
| 082 | _A820.9954 Q5 | ||
| 100 | _aArpit Kothari | ||
| 245 | 0 | _aTreading New Grounds Literature of Our times | |
| 250 | _a1st | ||
| 260 |
_c2015 _b"YKING Books, J" |
||
| 500 | _aYES | ||
| 650 |
_aGeneral _bGeneral |
||
| 942 | _cBK | ||
| 999 |
_c226108 _d226108 |
||